Movies Quiz

Random Movies or Actor Quiz

Movies by Actor (A-Z) II Quiz Stats

 Plays Quiz Updated Nov 26, 2016

Challenge
Share
Tweet
Embed
Score 0/26 Timer 06:00
3 Plays Today
Actor Movie % Correct
Leonardo DiCaprioTotal Eclipse...
81.4%
Tom CruiseMinority Report...
74.2%
Vin DieselxXx…
69.1%
Leslie NielsenAirplane!...
68.8%
Dan AykroydGrosse Pointe Blank…
62.8%
Drew BarrymoreEver After...
62%
Eddie MurphyBoomerang...
61.8%
Frances McDormandFargo...
53.6%
Brad PittSeven…
50.6%
Sean ConneryDarby O'Gill and the Little People...
45.5%
Jesse EisenbergZombieland
43.7%
Jack BlackKing Kong...
43.5%
Owen WilsonWedding Crashers
41.6%
Actor Movie % Correct
Emilio EstevezYoung Guns II…
35.1%
Julie AndrewsVictor/Victoria
32.6%
Jack NicholsonChinatown…
29.8%
Helen MirrenRed…
28.7%
Bruce WillisUnbreakable
28.5%
Samuel L. JacksonJurassic Park...
26.2%
Kate WinsletHeavenly Creatures...
20.7%
Keira KnightleyLove Actually…
19.5%
Jake GyllenhaalProof…
18.1%
Robin WilliamsOne Hour Photo…
15.8%
Dustin HoffmanIshtar...
15%
Renée ZellwegerNurse Betty...
12%
Ralph FiennesQuiz Show
9%

You're not logged in!

Compare scores with friends on all Sporcle quizzes.
Join for Free
OR
Log In

You Might Also Like...

Show Comments

Extras

Top Quizzes Today


Score Distribution

Your Account Isn't Verified!

In order to create a playlist on Sporcle, you need to verify the email address you used during registration. Go to your Sporcle Settings to finish the process.

Report this User

Report this user for behavior that violates our Community Guidelines.

Details: